Lumière sur la Provence Alpes Cote d'Azur - Statistiques

Statistiques générales
  • Ce quiz a été pris 35 fois
  • Le résultat moyen est 6 sur 10
Statistiques - réponses
Hint Réponse % Correct
Quelle est la capitale de la région Provence-Alpes-Côte d’Azur ? Marseille
100%
Quelle station balnéaire des Alpes-Maritimes est connue pour sa promenade des Anglais ? Nice
97%
Quel célèbre massif montagneux domine la région à l’est ? Alpes
94%
Quelle spécialité culinaire à base de poissons, légumes et épices est typique de Marseille ? Bouillabaisse
91%
Quel fleuve traverse la ville d’Avignon ? Rhône
91%
Quel festival de cinéma international se tient chaque année ? Festival de Cannes
88%
Quelle formation géologique spectaculaire, surnommée le "Grand Canyon européen", se trouve dans les Alpes-de-Haute-Provence ? Gorges du Verdon
41%
Quelle ville perchée du Vaucluse est réputée pour son patrimoine médiéval et ses champs de lavande ? Gordes
28%
Quelle île située au large de Marseille est connue pour sa prison où fut détenu le célèbre « Comte de Monte-Cristo » ? Ile d'If
19%
Quel célèbre pont médiéval se trouve à Avignon et est associé à une chanson populaire ? Pont de Bénézet
0%
Aucun quiz correspondant
Distribution des résultats
% des personnes avec chaque résultat
Percentile par nombre de réponses
Votre historique - résultats
Vous n’avez pas pris ce quiz